00839nam a22002417a 450000500170000001000130001702000220003003500130005203700160006504000120008108200130009310000300010624500540013626000450019027000470023530000240028250000200030665000360032665000320036294200220039499900190041695201620043520170124110144.0 aA-408506 c69.00a0876925492 aA-408506 bCen Lib/Ret aDPLbEN a658bNEG aNegandhi, Anant R.933009 aInternational management /cby Anant R. Negandhi  aNew DelhibPrentice-hall of India c1988 bNew DelhiaM-98, Connaught circus e110001 axiv,514p.c21cm(Hb) aIncludes index  aIternational management 933010 aBusiness environment933011 2ddccENh658mNEG c131857d131857 04104070aLbLd2015-07-16eCen Lib/Retg69.00l0o658 NEGpA-408506r2015-07-16 00:00:00t1v69.00w2015-07-16yENzW/d List No. 6867/12 ; dtd 11/08/2020